| 000 | 00694nam a2200265Ia 4500 | ||
|---|---|---|---|
| 003 | OSt | ||
| 005 | 20221006151825.0 | ||
| 006 | a|||||r|||| 00| 0 | ||
| 007 | ta | ||
| 008 | 221006b |||||||| |||| 00| 0 eng d | ||
| 020 | _c638.55 | ||
| 024 | _a23,533 | ||
| 037 | _cTextual | ||
| 040 |
_aEASL _cEASL _beng |
||
| 041 |
_2eng _aeng |
||
| 082 | _aV41:(P:4k), M5 | ||
| 100 | _aHUCKER Charles O. | ||
| 245 | 0 | _aDictionary of official titles in imperial China | |
| 260 |
_aStanford _bStanford University Press _c1985 |
||
| 300 |
_a676p. _ccm. |
||
| 490 | _v RR | ||
| 650 | _aCEL | ||
| 942 |
_hV41:(P:4k), M5 _cTEXL _2CC |
||
| 999 |
_c1091619 _d1091619 |
||